000 00334nam a22001457a 4500
008 210311b ||||| |||| 00| 0 eng d
020 _a9780314913487
041 _aeng
080 _25th
_a334.7
082 _a334.7
100 _a55
101 _aMF
245 _aContemporary Financial Management
_cMoyer, R. CH
942 _2udc
_cBK
999 _c56325
_d56325